| 000 | 00306nam a2200097Ia 4500 | ||
|---|---|---|---|
| 005 | 20251222114409.0 | ||
| 008 | 251222s1900||||xx |||||||||||||| ||spa|| | ||
| 082 | _aDVD0093/L45/2005 | ||
| 245 | 0 | _aPrograma Nacional de Formación en Servicio a Docentes del Nivel de Educación Secundaria de Menores: | |
| 942 | _cDVD | ||
| 999 |
_c1951 _d1951 |
||